I'll be in my trailer : the creative wars between directors and actors /

Bibliographic Details
Main Author: Badham, John, 1939-
Other Authors: Modderno, Craig, 1950-
Format: Book
Language:English
Published: ©2006
Subjects:
Online Access:Table of contents
Publisher description

MARC

Tag First Indicator Second Indicator Subfields
LEADER 00000cam a2200000 a 4500
001 in00003528613
005 20151105193513.0
008 060421s2006 caua b 001 0 eng
010 |a  2006013455 
015 |a GBA651530  |2 bnb 
016 7 |a 013480832  |2 Uk 
019 |a 69733147 
020 |a 1932907149 
020 |a 9781932907148 
035 |a (OCoLC)ocm67405643 
035 |a (OCoLC)67405643  |z (OCoLC)69733147 
040 |a DLC  |b eng  |c DLC  |d BAKER  |d YDXCP  |d BTCTA  |d OCLCG  |d UKM  |d OCLCQ  |d BDX  |d OCLCF  |d OCLCO  |d OCLCQ  |d UtOrBLW 
042 |a pcc 
049 |a TXAM 
050 0 0 |a PN1995.9.P7  |b B272 2006 
082 0 0 |a 791.4302/33  |2 22 
100 1 |a Badham, John,  |d 1939- 
245 1 0 |a I'll be in my trailer :  |b the creative wars between directors and actors /  |c John Badham and Craig Modderno. 
264 0 |a Studio City, CA :  |b Michael Wiese Productions,  |c [2006] 
264 4 |c ©2006 
300 |a xxvi, 219 pages :  |b illustrations ;  |c 23 cm 
336 |a text  |b txt  |2 rdacontent 
337 |a unmediated  |b n  |2 rdamedia 
338 |a volume  |b nc  |2 rdacarrier 
504 |a Includes bibliographical references and index. 
650 0 |a Motion pictures  |x Production and direction. 
650 0 |a Motion picture acting. 
650 7 |a Motion picture acting.  |2 fast  |0 (OCoLC)fst01027093 
650 7 |a Motion pictures  |x Production and direction.  |2 fast  |0 (OCoLC)fst01027357 
700 1 |a Modderno, Craig,  |d 1950- 
856 4 1 |3 Table of contents  |u http://catdir.loc.gov/catdir/toc/ecip0612/2006013455.html  |t 0 
856 4 2 |3 Publisher description  |u http://catdir.loc.gov/catdir/enhancements/fy0716/2006013455-d.html  |t 0 
948 |a cataloged  |b h  |c 2015/5/11  |d c  |e ceaton  |f 3:34:54 pm 
994 |a C0  |b TXA 
999 |a MARS 
999 f f |s 4deac837-0387-35b2-a0b9-0dc24c00b2f3  |i 7cb27f52-b98d-3dbd-912f-6c070368b388  |t 0 
952 f f |p normal  |a Texas A&M University  |b College Station  |c Sterling C. Evans Library  |d Evans: Library Stacks  |t 0  |e PN1995.9.P7 B272 2006  |h Library of Congress classification  |i unmediated -- volume  |m A14843099905 
998 f f |a PN1995.9.P7 B272 2006  |t 0  |l Evans: Library Stacks